| 000 | 00909cab a2200193 4500 | ||
|---|---|---|---|
| 001 | ##L133681 | ||
| 008 | 060601n2006 000 0 eng u | ||
| 035 | _a(Sirsi) u133681 | ||
| 041 | 0 | _aeng | |
| 100 | 1 | _aTinworth, Adam | |
| 245 | 0 | 0 | _aSo, why would you like to work here? |
| 260 | _c2006 | ||
| 490 | 0 |
_aEstates Gazette _v(0621) 27 May 2006, 70-72(3) |
|
| 520 | _aReports on research carried out by the Reading Real Estate Foundation on the best firms to work for, and why. Surveyed those who graduated in the past 30 years from the University of Reading. Ranks the top 10 of each of the following: banking/fund managers, service providers, property companies, and company attributes. Discusses what makes these companies attractive to potential employees. Tables. | ||
| 590 | _aIKA060606 | ||
| 690 | _aCAREERS, EDUCATION AND TRAINING-CAREERS IN SURVEYING | ||
| 700 | 1 | _aBarnard, Lucy | |
| 942 | _n0 | ||
| 999 |
_c77152 _d77152 |
||